000 00532cam a22001337a 4500
008 180718b1978 xxu||||| |||| 00| 0 eng d
082 _aA81x54 In2/71/2/PT2C/1&PT5A
100 _aCensus of India 1971
245 _aAndhra Pradesh: social and cultural tables
260 _aDelhi
_bThe Controller of Publications
_c1978
300 _a489+p.
440 _aCensus of India 1971. Series-2, Andhra Pradesh. Part-IIC (i) and Part-V (A)
500 _aContents: Tables C-VII and VIII and special tables on scheduled castes and scheduled tribes
999 _c484869
_d484869